000 01452nam a2200361 i 4500
003 CO-BoRNBP
005 20220317000154.0
007 ta
008 00003022008 mx ao er spa d spa
020 _a9789682473975
040 _aCO-BoRNBP
_bspa
_erda
_cCO-BoRNBP
041 0 _aspa
043 _an-mx---
082 0 4 _a631.587
_bL27m
_222
100 1 _aLesur, Luis
_eautor
245 1 0 _aManual del riego agrícola
_buna guía paso a paso
_ccoordinación Luis Lesur ; con la colaboración de Artemisa Martínez, Paloma Celis ; diseño gráfico y fotografía Olivia Ortega
250 _aPrimera edición
_bReimpresión
264 1 _aMéxico, México
_bTrillas
_c2008
300 _a80 páginas
_bilustraciones, fotografías a color
_c27 cm
336 _atexto
_btxt
_2rdacontent
337 _asin mediación
_bn
_2rdamedia
338 _avolumen
_bnc
_2rdacarrier
490 0 _aCómo hacer bien y fácilmente
505 1 _aIntroducción -- Absorción del agua -- Fuentes de abastecimiento de agua -- Extracción y conducción del agua -- Sistemas de riego -- Fertirriego y quimigación -- Drenaje
650 1 4 _aAgua de riego
_2LEMB
650 1 7 _aCultivos de regadio
_vManuales
_2LEMB
650 1 7 _aEmbalses
_vManuales
_2LEMB
650 1 7 _aRiego
_vManuales
_2LEMB
700 1 _aMartínez, Artemisa
_ecolaboradora
_918729
700 1 _aCelis, Paloma
_ecolaboradora
_9201334
700 1 _aOrtega, Olivia
_efotografa
_963470
942 _2ddc
_cBK
999 _c3302
_d3302